| 000 | 00458nam a22001577a 4500 | ||
|---|---|---|---|
| 999 |
_c510719 _d510719 |
||
| 008 | 190829b ||||| |||| 00| 0 eng d | ||
| 100 |
_aPhadnis, Ajit _99169 |
||
| 245 | _aThe politics of farm loan waivers: a comparative study | ||
| 260 | _c2019 | ||
| 300 | _ap.50-56. | ||
| 650 |
_aLoans - Agriculture _99170 |
||
| 700 |
_aGupta, Aishwarya _99171 |
||
| 773 | _aEconomic and Political Weekly | ||
| 906 | _aAgricultural credit - India | ||
| 942 |
_2ddc _cAR |
||